000 00376nam a2200121Ia 4500
008 240731s9999 xx 000 0 und d
022 _a1744-5124
245 0 _aSchool Effectiveness and School Improvement : An International Journal of Research, Policy and Practice
260 _bRoutledge
856 _uhttps://www.tandfonline.com/loi/nses20
942 _2ddc
942 _cTFEJ
999 _c79337
_d79337
945 _a1
_bMadushi Gamage
_c1
_dMadushi Gamage